000 00940nam a22003017a 4500
001 5242
003 FISKH
005 20241121090752.0
008 241121b cb ||||| |||| 00| 0 eng d
020 _a9780545071475
040 _aFISKH
_beng
_cFISKH
_dFISKH
050 _aPZ7.W65535
082 _a813.6
100 _aWillems, Mo
_d(1968-)
245 _aMy friend is sad /
_cby Mo Willems
250 _aFirst printing in 2008
260 _aNew York :
_bScholastic,
_c2008.
300 _a56 pages :
_bColor illustrations ;
_c23 cm
505 _aC
520 _aWhen Gerald the Elephant is sad, Piggie is determined cheer him up, but finds after many tries that it only takes the simplest thing to change Gerald's mood.
521 8 _a220L
_bLexile
521 8 _aC
_bRaz-Plus
650 _2Emotions
_aElephants
650 _2Friendship
_aKinder
700 _aWillems, Mo
_dIllustrator
942 _2ddc
_cBK
_n0
999 _c5242
_d5242